000
00265nam a22001217a 4500
008
170503b xxu||||| |||| 00| 0 eng d
041
_a
eng
080
_a
342
100
_a
14
101
_a
SHJ
245
_a
LAW OF DOMESTIC RELATIONS
_c
CLARK, H.H
942
_2
udc
_c
BK
999
_c
12499
_d
12499